[Event "AUTO-ADV-1534"]
[Site "http://www.queenalice.com/game.php?id=680096"]
[Date "2009.11.9"]
[Round "1"]
[White "Nille"]
[Black "mrcoelho"]
[Result "1/2-1/2"]
[WhiteElo "1813"]
[BlackElo "1826"]

1. e4 e5 2. Nf3 Nc6 3. Bc4 Nf6 4. Ng5 d5 5. exd5 Nxd5 6. Nxf7 Kxf7 7. Qf3+ Qf6
8. Bxd5+ Be6 9. Bxc6 bxc6 10. Qxc6 Bd6 11. Nc3 Rab8 12. Ne4 Qe7 13. d3 h6 14.
O-O Rb6 15. Nxd6+ cxd6 16. Qf3+ Qf6 17. Qh5+ g6 18. Qe2 Kg7 19. f4 Rf8 20. fxe5
Qxf1+ 21. Qxf1 Rxf1+ 22. Kxf1 dxe5 23. b3 Bf5 24. Be3 Rc6 25. Rc1 a6 26. d4 exd4
27. Bxd4+ Kf7 28. c4 Ke7 29. Re1+ Kd7 30. h3 h5 31. Kf2 Rd6 32. Bc5 Rd2+ 33. Re2
Rxe2+ 34. Kxe2 Bb1 35. a3 Ba2 36. b4 Bxc4+ 37. Ke3 Kc6 38. Kf4 Kb5 39. g4 hxg4
40. hxg4 Ka4 41. Kg5 Bd3 42. Kf4 1/2-1/2

[Event "AUTO-OPEN-1756"]
[Site "http://www.queenalice.com/game.php?id=680276"]
[Date "2009.11.9"]
[Round "1"]
[White "BIGJACK"]
[Black "mrcoelho"]
[Result "1-0"]
[WhiteElo "1959"]
[BlackElo "1809"]

1. e4 e5 2. Nf3 Nc6 3. Bc4 Bc5 4. c3 a6 5. d4 exd4 6. cxd4 Bb4+ 7. Nc3 Na5 8.
Bd3 c5 9. dxc5 Bxc5 10. O-O Ne7 11. Bg5 O-O 12. Nd5 Nac6 13. Nxe7+ Bxe7 14. Bxe7
Nxe7 15. Re1 d6 16. Qc2 Ng6 17. e5 dxe5 18. Nxe5 Qg5 19. Nxg6 fxg6 20. Qc7 Bh3
21. Be4 Rac8 22. Qxb7 Rb8 23. Qd5+ Qxd5 24. Bxd5+ Kh8 25. gxh3 Rxb2 26. Re6
Rbxf2 27. Rae1 R2f5 28. Re8 h5 29. Rxf8+ Rxf8 30. Re6 Rf5 31. Be4 Rf6 32. Rxf6
gxf6 33. Bxg6 h4 34. Kf2 Kg7 35. Bd3 a5 36. Kf3 Kh6 37. Kg4 1-0

[Event "AUTO-OPEN-1756"]
[Site "http://www.queenalice.com/game.php?id=680277"]
[Date "2009.11.9"]
[Round "1"]
[White "mrcoelho"]
[Black "BIGJACK"]
[Result "1/2-1/2"]
[WhiteElo "1800"]
[BlackElo "1989"]

1. e4 e5 2. Nf3 Nc6 3. d4 exd4 4. Nxd4 Bc5 5. Be3 Nxd4 6. Bxd4 Bxd4 7. Qxd4 Qe7
8. Bd3 d6 9. Qxg7 Qf6 10. Qxf6 Nxf6 11. O-O Rg8 12. Re1 Be6 13. Nd2 Nh5 14. e5
d5 15. Bxh7 Rg7 16. Bd3 O-O-O 17. Nf3 Nf4 18. Nh4 Rh8 19. Nf5 Bxf5 20. Bxf5+ Kd8
21. g3 Re8 22. Rad1 c6 23. Kf1 Ne6 24. c4 Nc7 25. Bh3 Rg5 26. f4 Rh5 27. Bg2
Rxh2 28. cxd5 cxd5 29. Bxd5 Nxd5 30. Rxd5+ Ke7 31. Re2 Reh8 32. f5 Rh1+ 33. Kg2
R1h2+ 34. Kf3 Rxe2 35. Kxe2 Rh2+ 36. Kf3 Rxb2 37. Ra5 a6 38. Kf4 Rc2 39. Kg5 Rg2
40. g4 Rh2 41. f6+ Ke6 42. Kf4 Rf2+ 43. Ke3 Rg2 1/2-1/2

[Event "AUTO-OPEN-1756"]
[Site "http://www.queenalice.com/game.php?id=680300"]
[Date "2009.11.9"]
[Round "1"]
[White "lavander"]
[Black "mrcoelho"]
[Result "0-1"]
[WhiteElo "1171"]
[BlackElo "1799"]

1. Nc3 d5 2. e4 d4 3. Nd5 e5 4. Qf3 Nf6 5. Nxf6+ gxf6 6. Qh5 Be6 7. Bb5+ c6 8.
Ba4 b5 9. Bb3 Bxb3 10. axb3 d3 11. cxd3 Qxd3 12. Qf5 Nd7 13. Nf3 Qxb3 14. Ra6
Qc4 15. Kd1 b4 16. Re1 Qxa6 17. g4 Bc5 18. b3 Bxf2 19. Re2 Bb6 20. Rg2 Qf1+ 21.
Kc2 Qxg2 22. Ne1 Qxh2 23. Qf3 Nc5 24. Qxf6 Kd7 25. Qxf7+ Kc8 26. Bb2 Rd8 27. Qe7
Qxd2+ 28. Kb1 Qd1+ 29. Ka2 Qxb3+ 30. Ka1 Rd1+ 31. Bc1 Rxc1# 0-1

[Event "AUTO-OPEN-1756"]
[Site "http://www.queenalice.com/game.php?id=680301"]
[Date "2009.11.9"]
[Round "1"]
[White "mrcoelho"]
[Black "lavander"]
[Result "1-0"]
[WhiteElo "1818"]
[BlackElo "1169"]

1. e4 Nf6 2. Nc3 e5 3. Nf3 d6 4. d4 c6 5. dxe5 Bg4 6. exf6 gxf6 7. Bf4 Nd7 8. h3
Bh5 9. Be2 Qb6 10. Rb1 d5 11. exd5 cxd5 12. Nxd5 Qa5+ 13. c3 Qxa2 14. Nc7+ Kd8
15. Nxa8 Bg6 16. Rc1 Qxb2 17. O-O Be4 18. Nd4 Ba3 19. Nb5 Rg8 20. g3 Bc5 21. Nd6
Ke7 22. Nc7 Qb6 23. Nxe4 f5 24. Nxc5 Qxc5 25. Nb5 a6 26. Bd6+ Kd8 27. Bxc5 axb5
28. Bxb5 Kc7 29. Qxd7+ Kb8 30. Ra1 Rc8 31. Bd6+ Rc7 32. Qxc7# 1-0

[Event "AUTO-ADV-1535"]
[Site "http://www.queenalice.com/game.php?id=680584"]
[Date "2009.11.10"]
[Round "1"]
[White "mrcoelho"]
[Black "Rafvanmar"]
[Result "0-1"]
[WhiteElo "1814"]
[BlackElo "1995"]

1. e4 d6 2. d4 Nf6 3. Nc3 g6 4. Bg5 Bg7 5. e5 dxe5 6. dxe5 Ng4 7. Qxd8+ Kxd8 8.
O-O-O+ Bd7 9. Nd5 c6 10. Nxe7 f6 11. exf6 Bxf6 12. Bxf6 Nxf6 13. Bc4 Kxe7 14.
Nf3 Re8 15. Ne5 Kf8 16. Nxd7+ Nbxd7 17. Rd6 Kg7 18. Rhd1 Nb6 19. Bb3 Re7 20. h3
Rae8 21. g4 Ne4 22. Rd8 Rxd8 23. Rxd8 Nxf2 24. g5 Re1+ 0-1

[Event "AUTO-ADV-1535"]
[Site "http://www.queenalice.com/game.php?id=680585"]
[Date "2009.11.10"]
[Round "1"]
[White "Rafvanmar"]
[Black "mrcoelho"]
[Result "1-0"]
[WhiteElo "1918"]
[BlackElo "1863"]

1. d4 d5 2. c4 e6 3. Nc3 Nf6 4. Nf3 Nc6 5. Bg5 Bb4 6. e3 Bxc3+ 7. bxc3 h6 8. Bh4
g5 9. Bg3 Nh5 10. cxd5 Qxd5 11. Bxc7 Qd7 12. Be5 Nxe5 13. Nxe5 Qc7 14. Bb5+ Ke7
15. Qxh5 Qxc3+ 16. Ke2 Rh7 17. Bd3 Rg7 18. Qxh6 1-0

[Event "AUTO-ADV-1535"]
[Site "http://www.queenalice.com/game.php?id=680586"]
[Date "2009.11.10"]
[Round "1"]
[White "mrcoelho"]
[Black "dreamteam"]
[Result "1-0"]
[WhiteElo "1805"]
[BlackElo "1306"]

1. e4 e5 2. Nf3 Nf6 3. Nc3 Nc6 4. d4 Bb4 5. Bg5 exd4 6. Nxd4 h6 7. Bxf6 Qxf6 8.
Nxc6 Qxc6 9. Qd3 Bxc3+ 10. bxc3 O-O 11. Be2 Re8 12. Bf3 f5 13. O-O fxe4 14. Qe3
d6 15. Rae1 Bd7 16. Bh5 Re5 17. Bd1 Rf8 18. Re2 Bg4 19. Rd2 Bxd1 20. Rfxd1 Qc5
21. Rd4 Rff5 22. Re1 d5 23. c4 c6 24. c3 Kf7 25. cxd5 cxd5 26. Kf1 Ke6 27. Rxe4
1-0

[Event "AUTO-ADV-1535"]
[Site "http://www.queenalice.com/game.php?id=680587"]
[Date "2009.11.10"]
[Round "1"]
[White "dreamteam"]
[Black "mrcoelho"]
[Result "0-1"]
[WhiteElo "1304"]
[BlackElo "1807"]

1. e4 e5 2. Nf3 Nc6 3. Nc3 Bb4 4. Bb5 d6 5. Nd5 Ba5 6. b4 Bb6 7. c3 Ne7 8. Qa4
Bd7 9. Qb3 Nxd5 10. exd5 Ne7 11. Bxd7+ Qxd7 12. d4 exd4 13. cxd4 Nf5 14. O-O O-O
15. Ng5 Nxd4 16. Qd3 f5 17. Bb2 Qe7 18. h4 Ne2+ 19. Kh1 Nf4 20. Qc2 Nxd5 21. g4
h6 22. Nf3 Nxb4 0-1